| 000 | 00484nam a2200193Ia 4500 | ||
|---|---|---|---|
| 008 | 220216s9999 xx 000 0 und d | ||
| 100 | _aKulbaba K | ||
| 245 | 2 | _aA New ultra low viscosity HNBR | |
| 260 |
_bKautschuk Gummi Kunststoffe _c2011 |
||
| 300 | _a29-32 | ||
| 650 | _aHydrogenated nitrile butadiene rubber | ||
| 650 | _aLow viscosity | ||
| 650 | _aMetathesis | ||
| 650 | _aTherban | ||
| 700 | _aMuller J | ||
| 700 | _aSoddemann M | ||
| 700 | _aWrana C | ||
| 942 | _cJS | ||
| 999 |
_c53455 _d53455 |
||